| 000 -LEADER | |
|---|---|
| fixed length control field | 00372nam a22001337a 4500 |
| 020 ## - INTERNATIONAL STANDARD BOOK NUMBER | |
| ISBN | 0877848467 |
| 050 ## - LIBRARY OF CONGRESS CALL NUMBER | |
| Classification number | BS 1455 ryl |
| 100 ## - MAIN ENTRY--AUTHOR NAME | |
| Personal name | MOUSER, William |
| 245 ## - TITLE STATEMENT | |
| Title | Walking in Wisdom studying the proverbs of Solomon |
| 260 ## - PUBLICATION, DISTRIBUTION, ETC. (IMPRINT) | |
| Place of publication | Downers Grove, Illinios |
| Name of publisher | Intervasity Press |
| Year of publication | 1983 |
| 300 ## - PHYSICAL DESCRIPTION | |
| Number of Pages | 169p.; |
| 650 ## - SUBJECT ADDED ENTRY--TOPICAL TERM | |
| Topical Term | 1. Bible O.T. Proverbs, interpretations. |
| 942 ## - ADDED ENTRY ELEMENTS (KOHA) | |
| Koha item type | Books |
| Koha item type | Collection code | Accession Number | Permanent Location | Current Location | Date acquired | Full call number |
|---|---|---|---|---|---|---|
| Books | Lending | 6335 | Chapman Library | Chapman Library | 2018-01-10 | BS 1465.2 mon |

